|
|
|
|
| LEADER |
00000nam0a2200000 4500 |
| 001 |
271578 |
| 005 |
20231031225404.0 |
| 035 |
|
|
|a (RuTPU)RU\TPU\book\294779
|
| 090 |
|
|
|a 271578
|
| 100 |
|
|
|a 20141009d1987 km y0rusy50 ca
|
| 101 |
0 |
|
|a rus
|
| 102 |
|
|
|a UA
|
| 105 |
|
|
|a a z 001zy
|
| 200 |
1 |
|
|a Воспроизводство мощности угольных шахт
|f Ф. И. Евдокимов, М. П. Зборщик, А. Т. Кучер
|
| 210 |
|
|
|a Киев
|c Технiка
|d 1987
|
| 215 |
|
|
|a 148 с.
|c ил.
|
| 320 |
|
|
|a Библиогр.: с. 148
|
| 606 |
1 |
|
|a Угольные шахты
|x Производственная мощность
|2 stltpush
|3 (RuTPU)RU\TPU\subj\62797
|
| 610 |
1 |
|
|a шахтный фонд
|
| 610 |
1 |
|
|a состояние
|
| 610 |
1 |
|
|a развитие
|
| 610 |
1 |
|
|a научно-технический прогресс
|
| 610 |
1 |
|
|a угледобыча
|
| 610 |
1 |
|
|a капитальные затраты
|
| 610 |
1 |
|
|a мощность
|
| 610 |
1 |
|
|a воспроизводство
|
| 610 |
1 |
|
|a календарное планирование
|
| 675 |
|
|
|a 622.333.012.2
|v 4
|
| 700 |
|
1 |
|a Евдокимов
|b Ф. И.
|g Федор Иванович
|
| 701 |
|
1 |
|a Зборщик
|b М. П.
|g Михаил Павлович
|
| 701 |
|
1 |
|a Кучер
|b А. Т.
|g Анатолий Тимофеевич
|
| 801 |
|
1 |
|a RU
|b 63413507
|c 20141009
|
| 801 |
|
2 |
|a RU
|b 63413507
|c 20170314
|g RCR
|
| 942 |
|
|
|c BK
|